Государственная корпорация как инструмент модернизации экономики; Известия Иркутской государственной экономической академии; 2 (70)
| Parent link: | Известия Иркутской государственной экономической академии: научный журнал/ Байкальский государственный университет экономики и права (БГУЭП) 2 (70).— 2010.— [С. 17-20] |
|---|---|
| Auteur principal: | |
| Résumé: | Заглавие с экрана Исследуются сущность и особенности государственной корпорации как новой организационно-правовой формы реализации государственной собственности. Показана динамика создания государственных корпораций в России. Сделаны выводы о преимуществах и недостатках государственной корпорации как института реализации государственной собственности в России The essence and peculiarities of a state corporation as a new legal incorporationform of state ownership are studied. The dynamics of a state corporations’ establishmentin Russia is shown. The conclusions about the advantages and disadvantagesof a state corporation as an institute of state ownership in Russia have beenmade Режим доступа: по договору с организацией-держателем ресурса |
| Langue: | russe |
| Publié: |
2010
|
| Sujets: | |
| Accès en ligne: | http://izvestia.isea.ru/pdf.asp?id=5419 http://elibrary.ru/item.asp?id=13412360 |
| Format: | Électronique Chapitre de livre |
| KOHA link: | https://koha.lib.tpu.ru/cgi-bin/koha/opac-detail.pl?biblionumber=636537 |
MARC
| LEADER | 00000nla0a2200000 4500 | ||
|---|---|---|---|
| 001 | 636537 | ||
| 005 | 20250331090707.0 | ||
| 035 | |a (RuTPU)RU\TPU\network\547 | ||
| 090 | |a 636537 | ||
| 100 | |a 20140211d2010 k||y0rusy50 ca | ||
| 101 | 0 | |a rus | |
| 102 | |a RU | ||
| 135 | |a drnn ---uucaa | ||
| 181 | 0 | |a i | |
| 182 | 0 | |a b | |
| 200 | 1 | |a Государственная корпорация как инструмент модернизации экономики |f Т. В. Бондарь | |
| 203 | |a Текст |c электронный | ||
| 300 | |a Заглавие с экрана | ||
| 320 | |a [Библиогр.: с. 20 (9 назв.)] | ||
| 330 | |a Исследуются сущность и особенности государственной корпорации как новой организационно-правовой формы реализации государственной собственности. Показана динамика создания государственных корпораций в России. Сделаны выводы о преимуществах и недостатках государственной корпорации как института реализации государственной собственности в России | ||
| 330 | |a The essence and peculiarities of a state corporation as a new legal incorporationform of state ownership are studied. The dynamics of a state corporations’ establishmentin Russia is shown. The conclusions about the advantages and disadvantagesof a state corporation as an institute of state ownership in Russia have beenmade | ||
| 333 | |a Режим доступа: по договору с организацией-держателем ресурса | ||
| 461 | |t Известия Иркутской государственной экономической академии |o научный журнал |f Байкальский государственный университет экономики и права (БГУЭП) | ||
| 463 | |t 2 (70) |v [С. 17-20] |d 2010 | ||
| 610 | 1 | |a электронный ресурс | |
| 610 | 1 | |a труды учёных ТПУ | |
| 610 | 1 | |a государственная корпорация | |
| 610 | 1 | |a организационно-правовые формы | |
| 610 | 1 | |a государственная собственность | |
| 700 | 1 | |a Бондарь |b Т. В. |c российский экономист |c старший преподаватель Томского политехнического университета |f 1980- |g Татьяна Васильевна |3 (RuTPU)RU\TPU\pers\25419 | |
| 801 | 2 | |a RU |b 63413507 |c 20140211 |g RCR | |
| 856 | 4 | |u http://izvestia.isea.ru/pdf.asp?id=5419 | |
| 856 | 4 | |u http://elibrary.ru/item.asp?id=13412360 | |
| 942 | |c CF | ||